Glencoe world geography : a physical and cultural approach /

Looking at the world; The United States and Canada; Latin America; Europe; Russia and the Eurasian Republics; North Africa and Southwest Asia; Africa South of the Sahara; South Asia; East Asia; Southeast Asia; Australia, Oceania, and Antarctica.

সংরক্ষণ করুন:
গ্রন্থ-পঞ্জীর বিবরন
প্রধান লেখক: Boehm, Richard G., Ph.D.
বিন্যাস: গ্রন্থ
ভাষা:English
প্রকাশিত: New York : Glencoe/McGraw-Hill, 1995.
সংস্করন:Texas ed.
বিষয়গুলি:
ট্যাগগুলো: ট্যাগ যুক্ত করুন
কোনো ট্যাগ নেই, প্রথমজন হিসাবে ট্যাগ করুন!
Thư viện lưu trữ: Mạng thư viện Đại học Đà Nẵng
LEADER 01419cam a22003491a 4500
001 000033566
003 9745
005 20241009163218.0
008 151016s1995 000 eng
020 |a 0028229967 
040 |a lnn  |c lnn  |d lnn 
041 0 |a eng 
082 1 4 |a 910  |b BO-R 
100 1 |a Boehm, Richard G.,  |c Ph.D. 
245 1 0 |a Glencoe world geography :  |b a physical and cultural approach /  |c Richard G. Boehm. 
250 |a Texas ed. 
260 |a New York :  |b Glencoe/McGraw-Hill,  |c 1995. 
300 |a xviii, A28, 786 p., 32 :  |b col. ill., col. maps ;  |c 28 cm. 
500 |a Includes indexes. 
520 3 |a Looking at the world; The United States and Canada; Latin America; Europe; Russia and the Eurasian Republics; North Africa and Southwest Asia; Africa South of the Sahara; South Asia; East Asia; Southeast Asia; Australia, Oceania, and Antarctica. 
630 0 4 |a World geography. 
650 0 4 |a Geography  |x Study and teaching. 
OWN |a LNN 
272 |a TKA 
AVA |a UDN50  |b LNN  |c English  |d 420.525 BO-R  |e check_holdings  |t Error 5003 Not defined in file expand_doc_bib_avail.  |h N  |j AN 
999 |a From the UDN01 
AVA |a UDN50  |b LNN  |c English  |d 420.525 BO-R  |e available  |t Error 5001 Not defined in file expand_doc_bib_avail.  |f 12  |g 0  |h N  |i 2  |j AN 
TYP |a Monograph 
TYP |a Printed language 
980 |a Mạng thư viện Đại học Đà Nẵng